<?xml version="1.0" encoding="UTF-8"?>
<record
    xmlns:xsi="http://www.w3.org/2001/XMLSchema-instance"
    xsi:schemaLocation="http://www.loc.gov/MARC21/slim http://www.loc.gov/standards/marcxml/schema/MARC21slim.xsd"
    xmlns="http://www.loc.gov/MARC21/slim">

  <leader>02233cam a2200313 a 4500</leader>
  <controlfield tag="001">5066250</controlfield>
  <controlfield tag="003">000027</controlfield>
  <controlfield tag="005">20220326193245.0</controlfield>
  <controlfield tag="008">040628s2004    nyua   f      000 0 eng  </controlfield>
  <datafield tag="015" ind1=" " ind2=" ">
    <subfield code="a">GBA466655</subfield>
    <subfield code="2">bnb</subfield>
  </datafield>
  <datafield tag="016" ind1="7" ind2=" ">
    <subfield code="a">012991587</subfield>
    <subfield code="2">Uk</subfield>
  </datafield>
  <datafield tag="020" ind1=" " ind2=" ">
    <subfield code="a">0870700014 (hbk.)</subfield>
  </datafield>
  <datafield tag="035" ind1=" " ind2=" ">
    <subfield code="a">(OCoLC)ocm56651265</subfield>
  </datafield>
  <datafield tag="035" ind1=" " ind2=" ">
    <subfield code="a">(NNC)5066250</subfield>
  </datafield>
  <datafield tag="040" ind1=" " ind2=" ">
    <subfield code="a">UKM</subfield>
    <subfield code="c">UKM</subfield>
    <subfield code="d">NNC</subfield>
    <subfield code="d">OrLoB-B</subfield>
  </datafield>
  <datafield tag="082" ind1="0" ind2="4">
    <subfield code="a">708.1471</subfield>
    <subfield code="b">SC365a</subfield>
    <subfield code="2">22</subfield>
  </datafield>
  <datafield tag="245" ind1="0" ind2="0">
    <subfield code="a">Art in our time :</subfield>
    <subfield code="b">a chronicle of the Museum of Modern Art /</subfield>
    <subfield code="c">edited by Harriet Schoenholz Bee and Michelle Elligott.</subfield>
  </datafield>
  <datafield tag="260" ind1=" " ind2=" ">
    <subfield code="a">New York :</subfield>
    <subfield code="b">Museum of Modern Art,</subfield>
    <subfield code="c">2004.</subfield>
  </datafield>
  <datafield tag="300" ind1=" " ind2=" ">
    <subfield code="a">256 p. :</subfield>
    <subfield code="b">ill. (some col.) ;</subfield>
    <subfield code="c">28 cm.</subfield>
  </datafield>
  <datafield tag="505" ind1="0" ind2="0">
    <subfield code="t">Foreword /</subfield>
    <subfield code="r">Glenn D. Lowry -- </subfield>
    <subfield code="t">Introduction /</subfield>
    <subfield code="r">Harriet S. Bee and Michelle Elligott -- </subfield>
    <subfield code="t">1929-1939 : the first ten years -- </subfield>
    <subfield code="t">1940-1953 : road to victory -- </subfield>
    <subfield code="t">1954-1964 : masters of modern art -- </subfield>
    <subfield code="t">1965-1972 : word and image -- </subfield>
    <subfield code="t">1973-1984 : transformations -- </subfield>
    <subfield code="t">1985-1994 : allegories of modernism -- </subfield>
    <subfield code="t">1995-2004 : modern contemporary.</subfield>
  </datafield>
  <datafield tag="520" ind1="1" ind2=" ">
    <subfield code="a">"This volume chronicles the Museum's story from its opening, ten days after the stock market crash of 1929, in a few rented rooms in a midtown office building, up to the present day, in its new building on West Fifty-third and Fifty-fourth streets. The book presents a pictorial and documentary review of each year, and each important period, of the Museum's history. It tells the story of how The Museum of Modern Art, New York, began as a small set of art galleries inaugurated by three ladies of means who had a passion for modern art. Through a selection of photographs, official documents, letters, quotations, newspaper clippings, cartoons, and other ephemera, the complex and multilayered history of the Museum unfolds in a visual march through time, revealing the extraordinary vision of a determined group of individuals who had the ability and courage to translate their vision into reality."--BOOK JACKET.</subfield>
  </datafield>
  <datafield tag="610" ind1="2" ind2="0">
    <subfield code="a">Museum of Modern Art (New York, N.Y.)</subfield>
    <subfield code="x">History.</subfield>
    <subfield code="9">72</subfield>
  </datafield>
  <datafield tag="650" ind1=" " ind2=" ">
    <subfield code="a">Museos de arte</subfield>
    <subfield code="9">73</subfield>
  </datafield>
  <datafield tag="650" ind1=" " ind2=" ">
    <subfield code="a">Colecciones de 1929 al 2004</subfield>
    <subfield code="9">74</subfield>
  </datafield>
  <datafield tag="651" ind1=" " ind2=" ">
    <subfield code="a">Estados Unidos</subfield>
    <subfield code="9">75</subfield>
  </datafield>
  <datafield tag="700" ind1="1" ind2=" ">
    <subfield code="a">Bee, Harriet Schoenholz.</subfield>
    <subfield code="9">76</subfield>
  </datafield>
  <datafield tag="700" ind1="1" ind2=" ">
    <subfield code="a">Elligott, Michelle.</subfield>
    <subfield code="9">77</subfield>
  </datafield>
  <datafield tag="900" ind1=" " ind2=" ">
    <subfield code="b">TOC</subfield>
  </datafield>
  <datafield tag="999" ind1=" " ind2=" ">
    <subfield code="c">13</subfield>
    <subfield code="d">13</subfield>
  </datafield>
  <datafield tag="952" ind1=" " ind2=" ">
    <subfield code="0">0</subfield>
    <subfield code="1">0</subfield>
    <subfield code="2">ddc</subfield>
    <subfield code="4">0</subfield>
    <subfield code="7">0</subfield>
    <subfield code="a">LV</subfield>
    <subfield code="b">LV</subfield>
    <subfield code="c">Pensamiento</subfield>
    <subfield code="d">2014-02-13</subfield>
    <subfield code="l">0</subfield>
    <subfield code="o">708.1471 SC365a</subfield>
    <subfield code="p">000027</subfield>
    <subfield code="r">2014-02-13 00:00:00</subfield>
    <subfield code="w">2014-02-13</subfield>
    <subfield code="y">01</subfield>
  </datafield>
</record>
